| 000 | 01870nam a2200253Ia 4500 | ||
|---|---|---|---|
| 003 | Ost | ||
| 005 | 20260507075308.0 | ||
| 008 | 260507s9999||||xx |||||||||||||| ||und|| | ||
| 020 | _a2077119957 | ||
| 040 | _cfsecg | ||
| 041 | _aara | ||
| 082 | _a330 | ||
| 100 |
_aعداي الحسيني، فلاح حسن _eمؤلف |
||
| 245 | 0 |
_aالإدارة الاستراتيجية : _bمفاهيمها ، ماخلها ، عملياتها المعاصرة / _c فلاح حسن عداي الحسيني |
|
| 250 | _aطبعة 2 | ||
| 260 |
_aعمان: _bدار وائل, _c2006 |
||
| 300 |
_a332 صفحة؛ _bإيضاحات ؛ _c25 سم |
||
| 504 | _aقائمة الجداول ص.7 ؛ قائمة الاشكال ص.9 | ||
| 520 | _aمفاهيم و مداخل الاستراتيجية و الادارة الاستراتيجية ، عمليات الادارة الاستراتيجية ، البيئة الخارجية و التنافسية لمنظمات الاعمال ، تقييم البيئة الداخلية للمنظمة و التحليل الاستراتيجي و أدواته الاساسية ، الخيارات و البدائل الاستراتيجية لوحدات الاعمال الاستراتيجية و الاستراتيجيات الوظيفية ، عمليات التنفيذ الاستراتيجي في منظمات الاعمال و عمليات الرقابة الاستراتيجية و تقييم الاداء الاستراتيجي ، تحليل الفجوة الاستراتيجية ، أدوات تحليل و أساليب قياس الموقف الاستراتيجي ، الادارة الاستراتيجية في المنظمات التي لا تهدف الى الربح و في المنظمات الدولية. | ||
| 653 | _aالادارة | ||
| 653 | _aالإدارة العامة | ||
| 653 | _aتقييم الأداء | ||
| 942 | _cكتاب | ||
| 999 |
_c43826 _d43826 |
||